Normal view
MARC view
- معلم العلوم-مسوؤليته- النمو العلمي
Entry Topical Term
001 - CONTROL NUMBER
- control field: 36052
003 - CONTROL NUMBER IDENTIFIER
- control field: JO-AjAnu
005 - DATE AND TIME OF LATEST TRANSACTION
- control field: 20230606080025.0
008 - FIXED-LENGTH DATA ELEMENTS
- fixed length control field: 230606|| aca||aabn | a|a d
040 ## - CATALOGING SOURCE
- Original cataloging agency: JO-AjAnu
- Transcribing agency: JO-AjAnu
150 ## - HEADING--TOPICAL TERM
- Topical term or geographic name entry element: معلم العلوم-مسوؤليته- النمو العلمي
670 ## - SOURCE DATA FOUND
- Source citation: Work cat.: (JO-AjAnu)18511: لبيب، رشدي, author 36051, معلم العلوم مسؤلياته - اساليب عملة - اعداده - نموه العلمي والمهني